| 000 | 00699nam a2200289Ia 4500 | ||
|---|---|---|---|
| 005 | 20260324142650.0 | ||
| 008 | 008 260324s9999 xx 000 0 eng d | ||
| 020 | _a9781315788593 | ||
| 037 | _aEBOOK | ||
| 040 | _aCRL | ||
| 040 | _beng | ||
| 040 | _cCRL | ||
| 041 | _2eng | ||
| 041 | _aeng | ||
| 084 | _qCRL | ||
| 100 |
_aPeter Der Manuelian _91212807 |
||
| 245 | 0 | _aLiving In The Past | |
| 245 | 0 | _bStudies in Archaism of the Egyptian Twenty-sixth Dynasty | |
| 260 | _bTaylor and Francis | ||
| 260 | _c1994 | ||
| 365 | _a | ||
| 365 | _b150 | ||
| 856 | _uhttp://www.taylorfrancis.com/books/9781315788593 | ||
| 942 | _cEBOOK | ||
| 999 |
_c1817229 _d1817229 |
||